[Event "Las Palmas Insular-chT Pref"]
[Site "Las Palmas"]
[Date "2012.12.01"]
[Round "3.2"]
[White "Lezcano Jaen, Pedro"]
[Black "Ortiz Perez, Hector"]
[Result "1-0"]
[WhiteElo "2379"]
[BlackElo "1975"]
[PlyCount "65"]
[EventDate "2012.11.10"]
[EventType "team-tourn"]
[EventRounds "14"]
[EventCountry "ESP"]
[SourceTitle "EXT 2014"]
[Source "ChessBase"]
[SourceDate "2013.11.20"]
[SourceVersion "1"]
[SourceVersionDate "2013.11.20"]
[SourceQuality "1"]
[WhiteTeam "Canarias de Las Palmas"]
[BlackTeam "Panaderia Pulido San Mateo"]
[WhiteTeamCountry "ESP"]
[BlackTeamCountry "ESP"]

1. c4 Nf6 2. Nf3 c5 3. g3 g6 4. Bg2 Bg7 5. 0-0 0-0 6. d4 cxd4 7. Nxd4 Nc6 8. Nc3 a6 9. c5 Ng4 10. e3 Nxd4 11. exd4 d6 12. Nd5 e5 13. Nb6 Rb8 14. dxe5 dxe5 15. Qxd8 Rxd8 16. Bg5 f6 17. Rad1 Be6 18. Bc1 Bf8 19. b4 Bxa2 20. h3 Nxf2 21. Kxf2 a5 22. Ba3 axb4 23. Bxb4 Bb3 24. Rxd8 Rxd8 25. Rb1 Bc2 26. Rb2 Rd4 27. Nd5 Ba4 28. Nxf6+ Kg7 29. Ne4 Bc6 30. Nd6 Bxd6 31. cxd6 Kf7 32. Bxc6 bxc6 33. Rd2 1-0

[Event "Las Palmas Insular-chT Pref"]
[Site "Las Palmas"]
[Date "2012.11.17"]
[Round "2.3"]
[White "Lezcano Jaen, Pedro"]
[Black "Natalicchio Escalante, Ricardo Nicolas"]
[Result "1/2-1/2"]
[WhiteElo "2379"]
[BlackElo "2195"]
[PlyCount "62"]
[EventDate "2012.11.10"]
[EventType "team-tourn"]
[EventRounds "14"]
[EventCountry "ESP"]
[SourceTitle "EXT 2014"]
[Source "ChessBase"]
[SourceDate "2013.11.20"]
[SourceVersion "1"]
[SourceVersionDate "2013.11.20"]
[SourceQuality "1"]
[WhiteTeam "Canarias de Las Palmas"]
[BlackTeam "Hispafrica"]
[WhiteTeamCountry "ESP"]
[BlackTeamCountry "ESP"]

1. c4 Nf6 2. Nf3 e6 3. g3 d5 4. Bg2 dxc4 5. Qa4+ Nbd7 6. Qxc4 a6 7. Qc2 c5 8. a4 Be7 9. 0-0 0-0 10. d3 Nd5 11. a5 Nb4 12. Qb3 b5 13. axb6 Nxb6 14. Ne5 Rb8 15. Nd2 Qc7 16. Ndc4 N6d5 17. Qd1 f6 18. Nf3 Nc6 19. Bd2 Ndb4 20. Bxb4 Rxb4 21. Qc2 Rd8 22. Rfc1 e5 23. Ra3 Rb8 24. Ncd2 Be6 25. Qb1 Qb6 26. Qa1 Nb4 27. Nc4 Qc7 28. Rac3 Nd5 29. R3c2 Nb4 30. Rc3 Nd5 31. R3c2 Nb4 1/2-1/2

[Event "Las Palmas Insular-chT Pref"]
[Site "Las Palmas"]
[Date "2012.03.03"]
[Round "11.3"]
[White "Cruz Pino, Adrian"]
[Black "Lezcano Jaen, Pedro"]
[Result "0-1"]
[WhiteElo "1960"]
[BlackElo "2375"]
[PlyCount "106"]
[EventDate "2011.11.12"]
[EventType "team-tourn"]
[EventRounds "14"]
[EventCountry "ESP"]
[SourceTitle "EXT 2013"]
[Source "ChessBase"]
[SourceDate "2012.11.22"]
[SourceVersion "1"]
[SourceVersionDate "2012.11.22"]
[SourceQuality "1"]
[WhiteTeam "Casa Museo El Patio"]
[BlackTeam "Canarias de Las Palmas"]
[WhiteTeamCountry "ESP"]
[BlackTeamCountry "ESP"]

1. d4 Nf6 2. c4 e6 3. Nc3 Bb4 4. e3 b6 5. Qc2 c5 6. a3 Bxc3+ 7. Qxc3 Bb7 8. f3 0-0 9. Bd3 cxd4 10. exd4 d5 11. b3 Nbd7 12. Ne2 Rc8 13. Bb2 dxc4 14. bxc4 b5 15. c5 Nd5 16. Qd2 Bc6 17. 0-0 N7f6 18. Ng3 Rb8 19. Ne4 Nh5 20. g3 Nhf6 21. Nd6 Ne8 22. Ne4 h6 23. Be2 Ne7 24. Rad1 Nc7 25. Qa5 Ncd5 26. Qxd8 Rfxd8 27. Kf2 Nf5 28. Bc1 b4 29. g4 Nfe7 30. Bc4 a5 31. Rg1 Kf8 32. h4 bxa3 33. Bxa3 Nf4 34. Rge1 Kg8 35. Nd6 Bd5 36. Bc1 Bxc4 37. Nxc4 Nfd5 38. Nxa5 Rb4 39. Rd3 Ra8 40. Nb3 Nc6 41. Bd2 Ra2 42. Kg3 Rxb3 43. Rxb3 Rxd2 44. Rbb1 Rxd4 45. Red1 e5 46. Kf2 Kf8 47. Rxd4 exd4 48. Rb7 Ke8 49. Ke2 Nf4+ 50. Kd2 Ne6 51. Rb5 Ke7 52. Rb6 Ne5 53. f4 Nc4+ 0-1

[Event "Las Palmas-chT"]
[Site "Las Palmas"]
[Date "2011.04.09"]
[Round "12.3"]
[White "Lezcano Jaen, Pedro"]
[Black "Rojas Mirabal, Pedro"]
[Result "1-0"]
[WhiteElo "2366"]
[BlackElo "2009"]
[PlyCount "117"]
[EventDate "2011.01.15"]
[EventType "team-swiss"]
[EventRounds "14"]
[EventCountry "ESP"]
[SourceTitle "EXT 2012"]
[Source "ChessBase"]
[SourceDate "2011.11.24"]
[SourceVersion "1"]
[SourceVersionDate "2011.11.24"]
[SourceQuality "1"]
[WhiteTeam "La Caja de Las Palmas"]
[BlackTeam "Piscolabis Oleaje San Andres"]
[WhiteTeamCountry "ESP"]
[BlackTeamCountry "ESP"]

1. c4 e5 2. g3 Nf6 3. Bg2 Nc6 4. Nc3 Bb4 5. e3 0-0 6. Nge2 Re8 7. 0-0 d6 8. a3 Bxc3 9. Nxc3 e4 10. Qc2 Bf5 11. f3 exf3 12. Qxf5 fxg2 13. Kxg2 Re5 14. Qf3 Ne7 15. d4 Rf5 16. Qe2 c5 17. Bd2 Qd7 18. Rxf5 Nxf5 19. Qd3 Qc6+ 20. d5 Qd7 21. Rf1 Ne7 22. b3 Ng6 23. a4 Re8 24. h3 Qe7 25. Qf5 Ne4 26. Nxe4 Qxe4+ 27. Qxe4 Rxe4 28. g4 h6 29. a5 Re8 30. Rb1 Rc8 31. Bc3 f6 32. Kf3 Ne5+ 33. Ke4 Nd7 34. h4 Kf7 35. h5 Rc7 36. Kf5 Nf8 37. Be1 Re7 38. Bg3 g6+ 39. hxg6+ Nxg6 40. Bxd6 Rxe3 41. Rb2 b6 42. axb6 axb6 43. Bh2 Ne7+ 44. Kf4 Rc3 45. Ke4 Ke8 46. Bf4 Rh3 47. Bc7 Nc8 48. Kf5 Kd7 49. Bf4 h5 50. gxh5 Rxh5+ 51. Kxf6 Rh3 52. Rg2 Rh7 53. Rg8 b5 54. cxb5 Nb6 55. Rg5 c4 56. bxc4 Nxc4 57. Kf5 Nd6+ 58. Bxd6 Kxd6 59. b6 1-0

[Event "Las Palmas-chT"]
[Site "Las Palmas"]
[Date "2011.04.02"]
[Round "11.2"]
[White "Lezcano Jaen, Pedro"]
[Black "Perez Rosales, Pedro"]
[Result "1-0"]
[WhiteElo "2366"]
[BlackElo "2148"]
[PlyCount "63"]
[EventDate "2011.01.15"]
[EventType "team-swiss"]
[EventRounds "14"]
[EventCountry "ESP"]
[SourceTitle "EXT 2012"]
[Source "ChessBase"]
[SourceDate "2011.11.24"]
[SourceVersion "1"]
[SourceVersionDate "2011.11.24"]
[SourceQuality "1"]
[WhiteTeam "La Caja de Las Palmas"]
[BlackTeam "Villa de Teror"]
[WhiteTeamCountry "ESP"]
[BlackTeamCountry "ESP"]

1. Nf3 Nf6 2. g3 d6 3. d4 Nbd7 4. Bg2 e5 5. c4 Be7 6. 0-0 0-0 7. Nc3 c6 8. Qc2 Qc7 9. Rd1 a6 10. b3 b5 11. cxb5 cxb5 12. Nh4 Rb8 13. Nf5 Bd8 14. Qd2 Nb6 15. Ne3 b4 16. Ncd5 Nbxd5 17. Nxd5 Nxd5 18. Bxd5 exd4 19. Bb2 Rb5 20. Rac1 Qb8 21. Bf3 Ra5 22. Bxd4 Bg5 23. e3 Bb7 24. Bxb7 Qxb7 25. Rc4 Rb5 26. Qb2 Bh6 27. Rdc1 Qf3 28. Rc8 Rb8 29. Rxb8 Rxb8 30. Qc2 g6 31. Qc7 Re8 32. Qxd6 1-0

[Event "Las Palmas-chT"]
[Site "Las Palmas"]
[Date "2011.03.26"]
[Round "10.3"]
[White "Lezcano Jaen, Pedro"]
[Black "Mayor Gonzalez, Julio"]
[Result "1/2-1/2"]
[WhiteElo "2366"]
[BlackElo "1911"]
[PlyCount "134"]
[EventDate "2011.01.15"]
[EventType "team-swiss"]
[EventRounds "14"]
[EventCountry "ESP"]
[SourceTitle "EXT 2012"]
[Source "ChessBase"]
[SourceDate "2011.11.24"]
[SourceVersion "1"]
[SourceVersionDate "2011.11.24"]
[SourceQuality "1"]
[WhiteTeam "La Caja de Las Palmas"]
[BlackTeam "La Caja de Vecindario"]
[WhiteTeamCountry "ESP"]
[BlackTeamCountry "ESP"]

1. d4 Nf6 2. c4 e6 3. Nc3 d5 4. Bg5 h6 5. Bxf6 gxf6 6. cxd5 exd5 7. e3 Rg8 8. Qc2 c6 9. Nge2 Na6 10. Ng3 Nc7 11. Qh7 Rg7 12. Qh8 f5 13. Nh5 Rg6 14. Nf4 Rg7 15. Qxh6 Bd7 16. Qh5 Qe7 17. Bd3 Rg5 18. Qf3 0-0-0 19. 0-0-0 Bh6 20. Kb1 Rdg8 21. g3 Qf6 22. Rc1 Kb8 23. Na4 Bf8 24. Nc5 Bc8 25. Rc3 Bd6 26. Rhc1 Re8 27. Bf1 Rgg8 28. Rb3 Ka8 29. h4 Re7 30. Nfd3 f4 31. Nxf4 Bg4 32. Qh1 Bxf4 33. gxf4 Ne8 34. Bd3 Rh8 35. Qe1 Rxh4 36. Qa5 Rc7 37. Ra3 b5 38. Na6 Rb7 39. Nb4 Bd7 40. Rac3 Rb6 41. Ra3 Rb7 42. Rac3 Rb6 43. Ka1 Rh2 44. Bb1 Nc7 45. Ra3 Rb7 46. Nd3 Ne6 47. f5 b4 48. Ra4 Qxf5 49. Nc5 Qxf2 50. Rxb4 Rxb4 51. Qxb4 Nxc5 52. Rxc5 Rh1 53. Rxd5 Rxb1+ 54. Kxb1 Qf1+ 55. Kc2 Qg2+ 56. Kc1 Qxd5 57. b3 f5 58. Kb2 Qb5 59. Qe7 Qd5 60. Kc3 a5 61. Kb2 Kb7 62. Kc3 Kc7 63. Qf8 Qe4 64. Kd2 Qg2+ 65. Kc3 Qxa2 66. Qc5 Qa1+ 67. Kc2 Qa2+ 1/2-1/2

[Event "Las Palmas-chT"]
[Site "Las Palmas"]
[Date "2011.01.22"]
[Round "2.2"]
[White "Ortiz Perez, Hector"]
[Black "Lezcano Jaen, Pedro"]
[Result "0-1"]
[WhiteElo "1967"]
[BlackElo "2366"]
[PlyCount "64"]
[EventDate "2011.01.15"]
[EventType "team-swiss"]
[EventRounds "14"]
[EventCountry "ESP"]
[SourceTitle "EXT 2012"]
[Source "ChessBase"]
[SourceDate "2011.11.24"]
[SourceVersion "1"]
[SourceVersionDate "2011.11.24"]
[SourceQuality "1"]
[WhiteTeam "Panaderia Pulido San Mateo"]
[BlackTeam "La Caja de Las Palmas"]
[WhiteTeamCountry "ESP"]
[BlackTeamCountry "ESP"]

1. e4 Nf6 2. e5 Nd5 3. d4 d6 4. Bc4 c6 5. f4 Bf5 6. c3 e6 7. Nf3 Be7 8. 0-0 0-0 9. Bd3 Bxd3 10. Qxd3 c5 11. exd6 Qxd6 12. Ng5 Bxg5 13. fxg5 cxd4 14. Qxd4 Nc6 15. Qe4 Qe5 16. Qh4 Qe2 17. Re1 Qd3 18. Qf2 b5 19. Nd2 b4 20. c4 Nde7 21. Re3 Qd4 22. Re4 Qxf2+ 23. Kxf2 Rfd8 24. Nf3 Nf5 25. Bf4 a5 26. g4 Nfe7 27. b3 a4 28. Rae1 axb3 29. axb3 Ra3 30. Rb1 Rd3 31. Re3 Ra2+ 32. Re2 Rxf3+ 0-1

[Event "Las Palmas Insular-chT"]
[Site "Las Palmas"]
[Date "2010.03.27"]
[Round "10"]
[White "Angel Acosta, Juan Carlos"]
[Black "Lezcano Jaen, Pedro"]
[Result "0-1"]
[WhiteElo "2183"]
[BlackElo "2359"]
[PlyCount "94"]
[EventDate "2010.01.16"]
[EventType "team-tourn"]
[EventRounds "14"]
[EventCountry "ESP"]
[SourceTitle "EXT 2011"]
[Source "ChessBase"]
[SourceDate "2010.11.26"]
[SourceVersion "1"]
[SourceVersionDate "2010.11.26"]
[SourceQuality "1"]
[WhiteTeam "Real Club Victoria"]
[BlackTeam "La Caja de Las Palmas"]
[WhiteTeamCountry "ESP"]
[BlackTeamCountry "ESP"]

1. d4 Nf6 2. Nf3 e6 3. c4 Bb4+ 4. Bd2 c5 5. Bxb4 cxb4 6. e3 0-0 7. Be2 d6 8. 0-0 Nc6 9. Qc2 e5 10. dxe5 dxe5 11. Nbd2 Qe7 12. Bd3 h6 13. Ne4 Nd7 14. Ng3 g6 15. Be4 f5 16. Bd5+ Kh7 17. Rad1 Nf6 18. Rfe1 Bd7 19. Rd2 Rac8 20. Qb1 Rc7 21. b3 e4 22. Bxc6 bxc6 23. Nd4 Ng4 24. Nf1 Ne5 25. Red1 Bc8 26. Ne2 Rd7 27. Rxd7 Bxd7 28. Qa1 Bc8 29. Qd4 Nf7 30. Qb2 Rd8 31. Rd4 g5 32. Qd2 c5 33. Rxd8 Qxd8 34. Qxd8 Nxd8 35. g4 f4 36. exf4 Bxg4 37. Neg3 Ne6 38. fxg5 Nxg5 39. Nd2 Nf3+ 40. Nxf3 Bxf3 41. Kf1 Kg6 42. Ke1 Kg5 43. Kd2 Kf4 44. Nf1 Bh5 45. Ng3 Bg4 46. h4 Kf3 47. Ke1 e3 0-1

[Event "Las Palmas Insular-chT"]
[Site "Las Palmas"]
[Date "2010.03.13"]
[Round "8"]
[White "Camino Carrio, Nicanor"]
[Black "Lezcano Jaen, Pedro"]
[Result "1/2-1/2"]
[WhiteElo "2126"]
[BlackElo "2359"]
[PlyCount "77"]
[EventDate "2010.01.16"]
[EventType "team-tourn"]
[EventRounds "14"]
[EventCountry "ESP"]
[SourceTitle "EXT 2011"]
[Source "ChessBase"]
[SourceDate "2010.11.26"]
[SourceVersion "1"]
[SourceVersionDate "2010.11.26"]
[SourceQuality "1"]
[WhiteTeam "Anand Iberia"]
[BlackTeam "La Caja de Las Palmas"]
[WhiteTeamCountry "ESP"]
[BlackTeamCountry "ESP"]

1. e4 Nf6 2. e5 Nd5 3. d4 d6 4. Nf3 Bg4 5. Be2 c6 6. 0-0 Bxf3 7. Bxf3 dxe5 8. dxe5 e6 9. Nd2 Qc7 10. Re1 Nd7 11. Nc4 b5 12. Nd6+ Bxd6 13. exd6 Qxd6 14. b3 Qc5 15. Bb2 0-0 16. Rc1 b4 17. Bxd5 cxd5 18. Qg4 g6 19. c3 bxc3 20. Rxc3 Qd6 21. Rh3 f5 22. Rxh7 Kxh7 23. Qh4+ Kg8 24. Qh8+ Kf7 25. Qg7+ Ke8 26. Qxg6+ Kd8 27. Rxe6 Qc5 28. Rc6 Qe7 29. Re6 Qf7 30. Qg5+ Kc8 31. Qc1+ Kb8 32. Qf4+ Kb7 33. Qb4+ Kc8 34. Rc6+ Kd8 35. Qa5+ Ke8 36. Qe1+ Kd8 37. Qa5+ Ke8 38. Qe1+ Kd8 39. Qa5+ 1/2-1/2

[Event "Vecindario Hotel Avenida op"]
[Site "Vecindario"]
[Date "2007.08.12"]
[Round "7"]
[White "Lezcano Jaen, Pedro"]
[Black "Bozinovic, Boban"]
[Result "1-0"]
[WhiteElo "2386"]
[BlackElo "2118"]
[PlyCount "103"]
[EventDate "2007.08.06"]
[EventType "swiss"]
[EventRounds "7"]
[EventCountry "ESP"]
[SourceTitle "EXT 2008"]
[Source "ChessBase"]
[SourceDate "2007.11.25"]
[SourceVersion "1"]
[SourceVersionDate "2007.11.25"]
[SourceQuality "1"]

1. c4 e5 2. g3 Nf6 3. Bg2 d5 4. cxd5 Nxd5 5. Nf3 Nc6 6. 0-0 Be7 7. d4 exd4 8. Nxd4 Nxd4 9. Qxd4 Nf6 10. Qxd8+ Bxd8 11. Nc3 c6 12. e4 Be6 13. h3 0-0 14. Na4 Be7 15. Be3 Nd7 16. f4 f6 17. Rfd1 Rfd8 18. Rdc1 Bf7 19. Rc2 Rac8 20. b3 b5 21. Nc3 a6 22. Rd1 Bc5 23. Bxc5 Nxc5 24. Rxd8+ Rxd8 25. Ne2 Rd1+ 26. Kh2 Ne6 27. Rxc6 Rd2 28. Nc3 Bh5 29. Kg1 b4 30. Nd5 Nd4 31. Rc8+ Kf7 32. g4 Ne2+ 33. Kh2 Bxg4 34. hxg4 Rxa2 35. Rc7+ Kf8 36. Nxb4 Rb2 37. Nd3 Rd2 38. Nb4 Nxf4 39. Rc2 Rd6 40. Nd5 Ng6 41. Rc8+ Kf7 42. Rc7+ Kf8 43. Kg3 Ne5 44. Bf1 Re6 45. Ra7 Ng6 46. Ra8+ Kf7 47. Bc4 Rd6 48. Nf4+ Ke7 49. Ra7+ Kd8 50. Nxg6 hxg6 51. Rxg7 g5 52. Ra7 1-0

[Event "ESP-chT 1st div South"]
[Site "Santa Cruz de Tenerife"]
[Date "2006.08.23"]
[Round "1"]
[White "Lezcano Jaen, Pedro"]
[Black "Perez Felipe, Marcos Adrian"]
[Result "1-0"]
[WhiteElo "2376"]
[BlackElo "2383"]
[PlyCount "69"]
[EventDate "2006.08.23"]
[EventType "team"]
[EventRounds "5"]
[EventCountry "ESP"]
[SourceTitle "CBM 113 Extra"]
[Source "ChessBase"]
[SourceDate "2006.09.14"]
[SourceVersion "1"]
[SourceVersionDate "2006.09.14"]
[SourceQuality "1"]

1. c4 Nf6 2. g3 e5 3. Bg2 c6 4. Nf3 e4 5. Nd4 d5 6. cxd5 cxd5 7. d3 Bc5 8. Nb3 Bb4+ 9. Bd2 Bxd2+ 10. Qxd2 0-0 11. Nc3 Qe7 12. Rd1 Nc6 13. dxe4 dxe4 14. Qd6 Re8 15. 0-0 Bf5 16. Qf4 Qe5 17. Qxe5 Rxe5 18. Nd2 Re7 19. Nc4 Bg6 20. Ne3 Kf8 21. Rd2 Rd8 22. Rxd8+ Nxd8 23. Rd1 Nc6 24. Kf1 Ke8 25. Bh3 Ne5 26. Ned5 Nxd5 27. Nxd5 f5 28. Nxe7 Kxe7 29. Rd5 Ke6 30. Rd4 Ke7 31. Rd5 Ke6 32. Rd8 Nd7 33. g4 Ke7 34. Rg8 Kf7 35. Rd8 1-0

[Event "El Sauzal op 4th"]
[Site "El Sauzal"]
[Date "2003.11.02"]
[Round "6.10"]
[White "Angel Acosta, Juan Carlos"]
[Black "Lezcano Jaen, Pedro"]
[Result "0-1"]
[WhiteElo "2151"]
[BlackElo "2398"]
[PlyCount "58"]
[EventDate "2003.11.??"]
[EventType "swiss (rapid)"]
[EventRounds "9"]
[EventCountry "ESP"]
[SourceTitle "CBM 097 Extra"]
[Source "ChessBase"]
[SourceDate "2004.01.13"]
[SourceVersion "1"]
[SourceVersionDate "2004.01.13"]
[SourceQuality "1"]

1. d4 Nf6 2. Nf3 e6 3. g3 b5 4. Bg2 Bb7 5. 0-0 Be7 6. Bg5 0-0 7. Nbd2 h6 8. Bxf6 Bxf6 9. e4 d6 10. c3 c5 11. dxc5 dxc5 12. e5 Be7 13. Qe2 Qb6 14. Rfd1 Nc6 15. Ne4 Rad8 16. Nd6 Bxd6 17. exd6 Nb8 18. Rd2 Bd5 19. b3 Rxd6 20. Rad1 Rfd8 21. Nh4 Bxg2 22. Nxg2 a6 23. Ne3 Qc7 24. Ng4 Nc6 25. Qe3 Rxd2 26. Rxd2 Rxd2 27. Qxd2 Qd8 28. Qxd8+ Nxd8 29. Ne3 Nb7 0-1

[Event "El Sauzal op 4th"]
[Site "El Sauzal"]
[Date "2003.11.02"]
[Round "9.9"]
[White "Lezcano Jaen, Pedro"]
[Black "Alonso Moyano, Jonathan"]
[Result "1-0"]
[WhiteElo "2398"]
[BlackElo "2281"]
[PlyCount "76"]
[EventDate "2003.11.??"]
[EventType "swiss (rapid)"]
[EventRounds "9"]
[EventCountry "ESP"]
[SourceTitle "CBM 097 Extra"]
[Source "ChessBase"]
[SourceDate "2004.01.13"]
[SourceVersion "1"]
[SourceVersionDate "2004.01.13"]
[SourceQuality "1"]

1. c4 f5 2. g3 Nf6 3. Bg2 g6 4. Nc3 Bg7 5. d3 0-0 6. e4 d6 7. Nge2 e5 8. exf5 gxf5 9. 0-0 Qe8 10. f4 Qh5 11. Nd5 Nxd5 12. cxd5 a5 13. Nc3 Qxd1 14. Rxd1 Bd7 15. Be3 Na6 16. Rac1 a4 17. Kf2 Rab8 18. Rd2 Rfe8 19. Bf3 exf4 20. Bxf4 Bd4+ 21. Kg2 Nc5 22. Ne2 Bf6 23. d4 Na6 24. Nc3 Re7 25. Nd1 Re1 26. Kf2 Rbe8 27. Rc3 Bb5 28. Ne3 Ra1 29. a3 Bd7 30. Bg2 b5 31. Bh3 Rh1 32. Kg2 Re1 33. Kf2 Rh1 34. Kg2 Re1 35. Bxf5 R8xe3 36. Bxd7 R3e2+ 37. Kf3 Rxd2 38. Bxd2 Rf1+ 1-0

[Event "El Sauzal op 4th"]
[Site "El Sauzal"]
[Date "2003.11.01"]
[Round "5.6"]
[White "Lezcano Jaen, Pedro"]
[Black "Lalic, Bogdan"]
[Result "1/2-1/2"]
[WhiteElo "2398"]
[BlackElo "2503"]
[PlyCount "100"]
[EventDate "2003.11.??"]
[EventType "swiss (rapid)"]
[EventRounds "9"]
[EventCountry "ESP"]
[SourceTitle "CBM 097 Extra"]
[Source "ChessBase"]
[SourceDate "2004.01.13"]
[SourceVersion "1"]
[SourceVersionDate "2004.01.13"]
[SourceQuality "1"]

1. c4 Nf6 2. g3 d5 3. cxd5 Nxd5 4. Bg2 g6 5. Nc3 Nb6 6. d3 Bg7 7. Nf3 Nc6 8. 0-0 0-0 9. a3 h6 10. Qc2 e5 11. e3 a5 12. b3 Bf5 13. Ne4 Qc8 14. Bb2 Bh3 15. Rac1 Bxg2 16. Kxg2 Rd8 17. Nc5 Nd7 18. Rfd1 Nxc5 19. Qxc5 e4 20. Nd4 Nxd4 21. Bxd4 Bxd4 22. exd4 Qg4 23. dxe4 Qxe4+ 24. Kg1 Rd7 25. d5 b6 26. Qc4 Qe5 27. Re1 Qf5 28. Qe4 Qxe4 29. Rxe4 Rad8 30. Rec4 Rxd5 31. Rxc7 Rd1+ 32. Rxd1 Rxd1+ 33. Kg2 Rd3 34. b4 axb4 35. axb4 Rd4 36. b5 Rd5 37. h4 h5 38. Rb7 Rxb5 39. Kf3 Rf5+ 40. Ke3 b5 41. f3 Kf8 42. Ke4 Ke8 43. g4 Rc5 44. Kf4 f6 45. Ra7 g5+ 46. Kg3 gxh4+ 47. Kxh4 hxg4 48. Kxg4 Kd8 49. Kf4 Kc8 50. Ra6 f5 1/2-1/2

[Event "ESP-chT"]
[Site "Lanzarote"]
[Date "2003.05.14"]
[Round "9.3"]
[White "Lezcano Jaen, Pedro"]
[Black "Granados Gomez, Manuel"]
[Result "1/2-1/2"]
[WhiteElo "2404"]
[BlackElo "2417"]
[PlyCount "26"]
[EventDate "2003.05.06"]
[EventType "team"]
[EventRounds "9"]
[EventCountry "ESP"]
[SourceTitle "CBM 094 Extra"]
[Source "ChessBase"]
[SourceDate "2003.07.09"]
[SourceVersion "2"]
[SourceVersionDate "2003.07.09"]
[SourceQuality "1"]
[WhiteTeam "La Caja de Canarias"]
[BlackTeam "Foment Martinenc"]
[WhiteTeamCountry "ESP"]
[BlackTeamCountry "ESP"]

1. d4 d5 2. c4 c6 3. Nc3 dxc4 4. e3 b5 5. a4 b4 6. Na2 e6 7. Bxc4 Nf6 8. Nf3 Nbd7 9. 0-0 Bb7 10. b3 Be7 11. Bb2 0-0 12. Nc1 a5 13. Nd3 c5 1/2-1/2

[Event "ESP-chT"]
[Site "Lanzarote"]
[Date "2003.05.13"]
[Round "8.3"]
[White "Fernandez Romero, Ernesto"]
[Black "Lezcano Jaen, Pedro"]
[Result "1/2-1/2"]
[WhiteElo "2413"]
[BlackElo "2404"]
[PlyCount "47"]
[EventDate "2003.05.06"]
[EventType "team"]
[EventRounds "9"]
[EventCountry "ESP"]
[SourceTitle "CBM 094 Extra"]
[Source "ChessBase"]
[SourceDate "2003.07.09"]
[SourceVersion "2"]
[SourceVersionDate "2003.07.09"]
[SourceQuality "1"]
[WhiteTeam "Labradores Pub Magia"]
[BlackTeam "La Caja de Canarias"]
[WhiteTeamCountry "ESP"]
[BlackTeamCountry "ESP"]

1. d4 Nf6 2. Nf3 e6 3. c4 d5 4. cxd5 exd5 5. Nc3 Bb4 6. Bg5 Nbd7 7. Rc1 c6 8. a3 Bd6 9. e3 0-0 10. Be2 Re8 11. 0-0 Nf8 12. Bh4 Bg4 13. Bg3 Ng6 14. Bxd6 Qxd6 15. b4 a5 16. Rb1 axb4 17. axb4 b5 18. Ne1 Bxe2 19. Qxe2 Nd7 20. Nd3 Nb6 21. Ra1 Nc4 22. Qg4 Qe7 23. Qg3 Nh4 24. Nc5 1/2-1/2

[Event "ESP-chT"]
[Site "Lanzarote"]
[Date "2003.05.06"]
[Round "1.3"]
[White "Baron Rodriguez, Jesus"]
[Black "Lezcano Jaen, Pedro"]
[Result "1-0"]
[WhiteElo "2418"]
[BlackElo "2404"]
[PlyCount "83"]
[EventDate "2003.05.06"]
[EventType "team"]
[EventRounds "9"]
[EventCountry "ESP"]
[SourceTitle "CBM 094 Extra"]
[Source "ChessBase"]
[SourceDate "2003.07.09"]
[SourceVersion "2"]
[SourceVersionDate "2003.07.09"]
[SourceQuality "1"]
[WhiteTeam "IberCaja"]
[BlackTeam "La Caja de Canarias"]
[WhiteTeamCountry "ESP"]
[BlackTeamCountry "ESP"]

1. e4 Nf6 2. e5 Nd5 3. d4 d6 4. Nf3 dxe5 5. Nxe5 c6 6. Bc4 Nd7 7. Qf3 Nxe5 8. dxe5 Be6 9. 0-0 g6 10. Nc3 Nc7 11. Bd3 Bg7 12. Qg3 Qd4 13. Be3 Qg4 14. Qxg4 Bxg4 15. f4 0-0 16. a4 Rfd8 17. a5 Bf5 18. Bxf5 gxf5 19. Rfd1 Nd5 20. Nxd5 cxd5 21. Ra4 e6 22. c4 Bf8 23. c5 Rac8 24. b4 a6 25. Bd4 Bh6 26. Rf1 Rd7 27. Ra3 Kh8 28. Rh3 Bg7 29. Kf2 Rf8 30. Ke3 f6 31. exf6 Bxf6 32. Rh6 Kg7 33. Rxf6 Rxf6 34. Rf3 Kf7 35. Bxf6 Kxf6 36. Kd4 Rg7 37. Rh3 Rxg2 38. Rh6+ Kf7 39. Rxh7+ Kf6 40. Rxb7 Rxh2 41. b5 axb5 42. a6 1-0

[Event "ESP-chT"]
[Site "Mondariz"]
[Date "2002.12.03"]
[Round "4"]
[White "Lezcano Jaen, Pedro"]
[Black "Vassallo Barroche, Mauricio"]
[Result "1-0"]
[WhiteElo "2402"]
[BlackElo "2460"]
[PlyCount "69"]
[EventDate "2002.11.30"]
[EventType "team"]
[EventRounds "9"]
[EventCountry "ESP"]
[SourceTitle "CBM 091 Extra"]
[Source "ChessBase"]
[SourceDate "2003.01.09"]
[SourceVersion "1"]
[SourceVersionDate "2003.01.09"]
[SourceQuality "1"]

1. c4 e5 2. g3 Nc6 3. Bg2 g6 4. Nc3 Bg7 5. d3 d6 6. e4 Nge7 7. Nge2 0-0 8. 0-0 Be6 9. Nd5 Qd7 10. Be3 f5 11. Qd2 Rae8 12. Rae1 Nc8 13. b3 Nd8 14. exf5 Bxf5 15. d4 c6 16. Ndc3 Bh3 17. d5 Bxg2 18. Kxg2 c5 19. f3 Nf7 20. a4 Ne7 21. g4 Kh8 22. Ne4 Rg8 23. Kh1 Nf5 24. gxf5 gxf5 25. Ng5 Nxg5 26. Bxg5 f4 27. Nc3 h6 28. Bh4 Qh3 29. Qf2 e4 30. Nxe4 Ref8 31. Rg1 Kh7 32. Rg4 Bc3 33. Reg1 Bd4 34. Qg2 Rxg4 35. Qxg4 1-0